| 000 | 00648nam a22002297a 4500 | ||
|---|---|---|---|
| 001 | 25382 | ||
| 003 | BD-RjUL | ||
| 005 | 20211209050854.0 | ||
| 008 | 140318r19541911enk||||| |||| 001 0 eng d | ||
| 035 | _a(BD-RjUL)25452 | ||
| 040 |
_aBD-RjUL _beng _cBD-RjUL |
||
| 041 | _aeng | ||
| 082 | 0 | 0 |
_a944.04 _bBEF 1954 |
| 100 | 1 |
_aBelloc, Hilaire _954420 |
|
| 245 | 1 | 0 |
_aThe French Revolution / _c Hilaire Belloc |
| 250 | _a2nd Ed | ||
| 260 |
_aLondon : _bOxford University Press, _c1911 [Reprinted 1954] |
||
| 300 |
_ax,205p. ; _c17cm. |
||
| 504 | _aIncludes Index | ||
| 650 | 0 |
_a France -- History -- Revolution, 1789-1799. _962004 |
|
| 942 |
_2ddc _cBK |
||
| 999 |
_c25382 _d25382 |
||